Advanced economic theory (Record no. 1616)

MARC details
000 -LEADER
fixed length control field 00530cam a2200205ua 4500
001 - CONTROL NUMBER
control field 1733
005 - DATE AND TIME OF LATEST TRANSACTION
control field 20260515113359.0
008 - FIXED-LENGTH DATA ELEMENTS--GENERAL INFORMATION
fixed length control field 110716n ii |||gr||||Z||||||eng
020 ## - INTERNATIONAL STANDARD BOOK NUMBER
International Standard Book Number 81-7663-780-7
040 ## - CATALOGING SOURCE
Transcribing agency MAIN
082 ## - DEWEY DECIMAL CLASSIFICATION NUMBER
Classification number 330.01
100 1# - MAIN ENTRY--PERSONAL NAME
Personal name Chopra, P. N.,
Relator term Author.
245 1# - TITLE STATEMENT
Title Advanced economic theory
Statement of responsibility, etc. by P. N. Chopra
250 ## - EDITION STATEMENT
Edition statement 10th.
260 ## - PUBLICATION, DISTRIBUTION, ETC.
Place of publication, distribution, etc. New Delhi:
Name of publisher, distributor, etc. Kalyani Publishers,
Date of publication, distribution, etc. 2001.
Place of publication, distribution, etc. Calcutta:
300 ## - PHYSICAL DESCRIPTION
Extent 285p:
Other physical details ill;
Dimensions 25cm.
653 ## - INDEX TERM--UNCONTROLLED
Uncontrolled term Economic
653 ## - INDEX TERM--UNCONTROLLED
Uncontrolled term advanced economic theory
942 ## - ADDED ENTRY ELEMENTS (KOHA)
Koha item type Books
Holdings
Withdrawn status Lost status Damaged status Not for loan Home library Current library Date acquired Total checkouts Full call number Barcode Date last seen Copy number Price effective from Koha item type
        Naharkatiya College Library Naharkatiya College Library 09/19/2020   330.01 | CHO 2231 09/19/2020 1 09/19/2020 Books
        Naharkatiya College Library Naharkatiya College Library 09/19/2020   330.01 | CHO 2233 09/19/2020 2 09/19/2020 Books